书目信息 |
| 题名: |
奇妙的日食与月食现象
|
|
| 作者: | 本书编写组编 | |
| 分册: | ||
| 出版信息: | 广州 广东世界图书出版公司 2010 |
|
| 页数: | 202页 | |
| 开本: | 23cm | |
| 丛书名: | 走进科学 | |
| 单 册: | ||
| 中图分类: | P12 | |
| 科图分类: | ||
| 主题词: | 月食--青年读物 , 日食--青年读物 | |
| 电子资源: | ||
| ISBN: | 978-7-5100-1575-5 | |
| 000 | 00754oam2 2200265 450 | |
| 001 | 2359628010 | |
| 005 | 20231120201442.10 | |
| 010 | @a978-7-5100-1575-5@dCNY38.80 | |
| 100 | @a20101126d2010 em y0chiy50 ea | |
| 101 | 0 | @achi |
| 102 | @aCN@b440000 | |
| 105 | @ay z 000yy | |
| 200 | 1 | @a奇妙的日食与月食现象@9qi miao de ri shi yu yue shi xian xiang@f本书编写组编 |
| 210 | @a广州@c广东世界图书出版公司@d2010 | |
| 215 | @a202页@c图@d23cm | |
| 225 | 2 | @a走进科学@i天文世界丛书 |
| 308 | @a书脊丛书名题:走近科学 | |
| 461 | 0 | @12001 @a走进科学 |
| 462 | 0 | @12001 @a天文世界丛书 |
| 606 | 0 | @a月食@j青年读物 |
| 606 | 0 | @a日食@j青年读物 |
| 690 | @aP12@v4 | |
| 696 | @aP12-499@v3@2sef | |
| 801 | 0 | @aCN@b91MARC@c20130904 |
| 905 | @aBZT@dP12@e8 | |
| 奇妙的日食与月食现象/本书编写组编.-广州:广东世界图书出版公司,2010 |
| 202页:图;23cm.-(走进科学.天文世界丛书) |
| ISBN 978-7-5100-1575-5:CNY38.80 |
| ● |
| 相关链接 |
|
|
|
正题名:奇妙的日食与月食现象
索取号:P12/8
 
预约/预借
| 序号 | 登录号 | 条形码 | 馆藏地/架位号 | 状态 | 备注 |
| 1 | 2000976732 | 2000976732 | 中教第一批/山东中教(第二书库)/202/ [索取号:P12/8] | 在馆 | |
| 2 | 2000976733 | 2000976733 | 中教第一批/山东中教(第二书库)/202/ [索取号:P12/8] | 在馆 | |
| 3 | 2000976734 | 2000976734 | 中教第一批/山东中教(第二书库)/202/ [索取号:P12/8] | 在馆 | |
| 4 | 2000976735 | 2000976735 | 中教第一批/山东中教(第二书库)/202/ [索取号:P12/8] | 在馆 | |
| 5 | 2000976736 | 2000976736 | 中教第一批/山东中教(第二书库)/202/ [索取号:P12/8] | 在馆 | |
| 6 | 2000976737 | 2000976737 | 中教第一批/山东中教(第二书库)/202/ [索取号:P12/8] | 在馆 |